书目信息 |
| 题名: |
Java程序设计标准教程
|
|
| 作者: | ;邱加永 编著 ;Sun中国在线教育管理学院 主编 | |
| 分册: | ||
| 出版信息: | 北京 人民邮电出版社 2010.02 |
|
| 页数: | 408页 | |
| 开本: | 25cm | |
| 丛书名: | ||
| 单 册: | ||
| 中图分类: | TP312JA | |
| 科图分类: | ||
| 主题词: | JAVA语言--JAVA Yu Yan--程序设计--教材 | |
| 电子资源: | ||
| ISBN: | 978-7-115-21541-3 | |
| 000 | 01482nam0 2200265 450 | |
| 001 | 0011275656 | |
| 005 | 20100531171750.85 | |
| 010 | @a978-7-115-21541-3@dCNY49.00 (含光盘) | |
| 010 | @a978-7-89479-798-8@b光盘 | |
| 100 | @a20100515d2010 em y0chiy0110 ea | |
| 101 | 0 | @achi |
| 102 | @aCN@b110000 | |
| 105 | @aa z 000yy | |
| 200 | 1 | @aJava程序设计标准教程@AJava cheng xu she ji biao zhun jiao cheng@fSun中国在线教育管理学院主编@g邱加永编著 |
| 210 | @a北京@c人民邮电出版社@d2010.02 | |
| 215 | @a408页@c图@d25cm@e光盘1片 | |
| 300 | @aSun中国在线教育管理学院——SCJP指定教材 | |
| 330 | @a本书是Sun公司SCJP认证考试的指定用书。全书共13章。第1章全面系统地介绍了Java语言的发展史、特性、Java开发环境的搭建、Java程序的编写编译和运行过程以及Java开发常用IDE工具的使用。第2章详细讲解了Java语言的一些基本语法。第3章和第4章全面透彻地讲解了面向对象编程的思想和应用。第5章~第13章讲解了异常处理和断言、常用Java类、正则表达式、多线程技术、泛型和集合框架的使用、IO编程、网络编程、Swing编程、注解和反射等方面的知识。本书结构清晰、语言生动,使用典型实用的示例代码和透彻的常见问题分析方法。 | |
| 333 | @a本书除了作为Sun公司SCJP认证考试指定用书,还可作为高等院校相关专业或社会培训机构的教学用书,以及编程爱好者的自学用书。 | |
| 606 | 0 | @aJAVA语言@AJAVA Yu Yan@x程序设计@j教材 |
| 690 | @aTP312JA@v4 | |
| 702 | 0 | @a邱加永@Aqiu jia yong@4编著 |
| 711 | 02 | @aSun中国在线教育管理学院@ASun zhong guo zai xian jiao yu guan li xue yuan@4主编 |
| 801 | 0 | @aCN@c20100515 |
| 905 | @dTP312JA@eZ661@f3 | |
| Java程序设计标准教程/Sun中国在线教育管理学院主编/邱加永编著.-北京:人民邮电出版社,2010.02 |
| 408页:图;25cm+光盘1片 |
| Sun中国在线教育管理学院——SCJP指定教材.-使用对象:本书除了作为Sun公司SCJP认证考试指定用书,还可作为高等院校相关专业或社会培训机构的教学用书,以及编程爱好者的自学用书。 |
| ISBN 978-7-115-21541-3:CNY49.00 (含光盘) |
| 本书是Sun公司SCJP认证考试的指定用书。全书共13章。第1章全面系统地介绍了Java语言的发展史、特性、Java开发环境的搭建、Java程序的编写编译和运行过程以及Java开发常用IDE工具的使用。第2章详细讲解了Java语言的一些基本语法。第3章和第4章全面透彻地讲解了面向对象编程的思想和应用。第5章~第13章讲解了异常处理和断言、常用Java类、正则表达式、多线程技术、泛型和集合框架的使用、IO编程、网络编程、Swing编程、注解和反射等方面的知识。本书结构清晰、语言生动,使用典型实用的示例代码和透彻的常见问题分析方法。 |
| ● |
| 相关链接 |
|
|
|
正题名:Java程序设计标准教程
索取号:TP312JA/Z661
 
预约/预借
| 序号 | 登录号 | 条形码 | 馆藏地/架位号 | 状态 | 备注 |
| 1 | 985058 | 209850589 | 自科库301/301自科库 85排2列4层/ [索取号:TP312JA/Z661] | 在馆 | |
| 2 | 985059 | 209850598 | 自科二线404/404自科库 9排6列6层/ [索取号:TP312JA/Z661] | 在馆 | |
| 3 | 985060 | 209850605 | 自科库301/301自科库 85排2列4层/ [索取号:TP312JA/Z661] | 在馆 |